000 01050nam a2200229Ia 4500
001 820.9-PRA ma le (8861)
003 IT-MiSPE
008 171229s9999||||xx |||||||||||||| ||und||
040 _aIT-MiSPE
_cIT-MiSPE
041 _aITALIANO
100 _aMario Praz
245 0 _aLa letteratura inglese
_bI. Dal Medioevo all'Illuminismo
250 _anv. agg.
260 _aFirenze; Milano
_bSansoni; Ed. Accademia
_c1967
300 _a412 p. [2 v.]
_c19 cm
490 _a Le letterature del mondo
_v15
500 _aInglese, letteratura - Storia
501 _aEdizioni San Paolo srl - Piazza Soncino, 5 - 20092 CINISELLO BALSAMO (MI) (non commercial uses only) ® Copyright 2018
942 _cBK
957 _71
999 _a17370
_bNO
_g Copie: 1
_c352736
_d352736